Serene is my heart {ch} / (Record no. 27661)
[ view plain ]
| 000 -LEADER | |
|---|---|
| fixed length control field | 00647nam a2200181 4500 |
| 008 - FIXED-LENGTH DATA ELEMENTS--GENERAL INFORMATION | |
| fixed length control field | 060707s1988 hk chi |
| 020 ## - INTERNATIONAL STANDARD BOOK NUMBER | |
| International Standard Book Number | 9622081681 |
| 090 ## - LOCALLY ASSIGNED LC-TYPE CALL NUMBER (OCLC); LOCAL CALL NUMBER (OCLC) | |
| Classification number (OCLC) (R) ; Classification number, CALL (RLIN) (NR) | PL2925.H6 |
| Local cutter number (OCLC) ; Book number/undivided call number, CALL (RLIN) | L36s |
| 100 1# - MAIN ENTRY--PERSONAL NAME | |
| Personal name | Lau, Vivian Sau-ting. |
| 245 10 - TITLE STATEMENT | |
| Title | Serene is my heart {ch} / |
| Statement of responsibility, etc | Vivan Sau-Ting Lau. |
| 260 ## - PUBLICATION, DISTRIBUTION, ETC. (IMPRINT) | |
| Place of publication, distribution, etc | Hong Kong : |
| Name of publisher, distributor, etc | Tian Dao, |
| Date of publication, distribution, etc | 1988. |
| 300 ## - PHYSICAL DESCRIPTION | |
| Extent | 118 p. : |
| Other physical details | ill. ; |
| Dimensions | 19 cm. |
| 490 1# - SERIES STATEMENT | |
| Series statement | Testimony and biography series. |
| 600 14 - SUBJECT ADDED ENTRY--PERSONAL NAME | |
| Personal name | Lau, Vivian Sau-ting {ch}. |
| 650 #4 - SUBJECT ADDED ENTRY--TOPICAL TERM | |
| Topical term or geographic name as entry element | Essays relating to Hong Kong |
| General subdivision | Chinese {ch}. |
| 951 ## - EQUIVALENCE OR CROSS-REFERENCE-GEOGRAPHIC NAME/AREA NAME [OBSOLETE] [CAN/MARC only] | |
| General subdivision | 00033361 |
| 740 02 - ADDED ENTRY--UNCONTROLLED RELATED/ANALYTICAL TITLE | |
| Uncontrolled related/analytical title | You you wo xin / Liu Yan Xiuting zhu. |
| 951 ## - EQUIVALENCE OR CROSS-REFERENCE-GEOGRAPHIC NAME/AREA NAME [OBSOLETE] [CAN/MARC only] | |
| -- | C-7675 |
| -- | PL2925.H6/L36s |
| -- | 070613111612484 |
| -- | 2000-12-21 |
| -- | SP-C CH |
| Withdrawn status | Lost status | Damaged status | Not for loan | Home library | Current library | Shelving location | Date acquired | Accession number | Shelving control number | Total Checkouts | Full call number | Barcode | Date last seen | Price effective from | Koha item type |
|---|---|---|---|---|---|---|---|---|---|---|---|---|---|---|---|
| BSOP Library | BSOP Library | Special Collections Chinese | 12/21/2000 | C-7675 | 127 | PL2925.H6/L36s | 00033361 | 02/23/2013 | 02/23/2013 | Books |
